Szczegóły MARC21

Psychologiczne i pedagogiczne zastosowanie Testu Strategii Uczenia się /

003 -Nazwa inst., której nr kontr. jest w polu 001 [,]
    • @
    • Nazwa instytucji, której n kontrolny jest w polu 001
    • NUKAT
005 -DATA I CZAS OSTATNIEJ MODYFIKACJI [,]
    • @
    • pole kontrolne
    • 20260411171022.0
020 -Międzynarod. znormalizowany nr książki - ISBN [ , ]
    • a
    • Numer ISBN
    • 8372012865 Find
    • q
    • Dopowiedzenie
    • Wydaw. Salezjańskie
020 -Międzynarod. znormalizowany nr książki - ISBN [ , ]
    • a
    • Numer ISBN
    • 8370723586 Find
    • q
    • Dopowiedzenie
    • Wydaw. UKSW
040 -Instytucja sporządzająca opis [ , ]
    • a
    • Instytucja, która sporządziła opis (NP)
    • WR U/jd
    • c
    • Instytucja, która sporządziła rekord (NP)
    • WR U/jd
    • d
    • Instytucja, która zmodyfikowała rekord (P)
    • WR U/dl
    • d
    • Instytucja, która zmodyfikowała rekord (P)
    • WR U/MWs
    • d
    • Instytucja, która zmodyfikowała rekord (P)
    • WR U/MWs
942 -Rodzaj dokumentu [ , ]
    • c
    • Rodzaj dokumentu
    • Książka
100 -Hasło główne - nazwa osobowa [1, ]
    • a
    • Nazwa osobowa (NP)
    • Franczak, Kazimierz
    • d
    • Daty biograficzne (NP)
    • (1961-2013).
    • 9
    • KHW
    • 235206
245 -Strefa tytułu i oznaczenia odpowiedzialności [1,0]
    • a
    • Tytuł
    • Psychologiczne i pedagogiczne zastosowanie Testu Strategii Uczenia się / Find
    • c
    • Pozostałe elementy strefy tytułu i oznaczenia odpowiedzialności (NP)
    • Kazimierz Franczak ; Uniwersytet Kardynała Stefana Wyszyńskiego. Wydział Nauk Humanistycznych.
260 -Strefa adresu wydawniczego [ , ]
    • a
    • Miejsce wydania (P)
    • Warszawa :
    • b
    • Nazwa wydawcy (P)
    • Wydawnictwo Salezjańskie :
    • b
    • Nazwa wydawcy (P)
    • Wydawnictwo Uniwersytetu Kardynała Stefana Wyszyńskiego,
    • c
    • Data wydania (P)
    • 2005.
300 -Strefa opisu fizycznego [ , ]
    • a
    • Określenie formy książki i/lub objętość (NP)
    • 207, [1] s. ;
    • c
    • Format (NP)
    • 21 cm.
336 -Typ zawartości [ , ]
    • a
    • Termin opisujący typ zawartości
    • Tekst
    • b
    • Kod określający zawartość
    • txt
    • 2
    • Źródło (terminu i kodu)
    • rdacontent
337 -Typ mediów [ , ]
    • a
    • Tryb odtwarzania
    • Bez urządzenia pośredniczącego
    • b
    • Kod typu mediów
    • n
    • 2
    • Źródło (terminu i kodu)
    • rdamedia
338 -Typ/rodzaj nośnika [ , ]
    • a
    • Hasło opisujące typ nośnika
    • Wolumin
    • b
    • Kod typu nośnika
    • nc
    • 2
    • Źródło (terminu i kodu)
    • rdacarrier
380 -Deskryptor - Forma dzieła (P) [ , ]
    • a
    • forma dzieła (NP)
    • Książki
490 -Strefa serii i książki wielotomowej - forma nie do wyszukiwania [1, ]
    • a
    • Tytuł (P)
    • Seria: Educatio Find
830 -Hasło dodatkowe serii i opisu książki wielotomowej - tytuł ujednolicony/tytuł [ ,0]
    • a
    • Tytuł ujednolicony/tytuł (NP)
    • Educatio
    • 9
    • KHW
    • 88279
504 -Uwaga dot. bibliogr. załącznikowej [ , ]
    • a
    • Uwaga dot. bibliografii załącznikowej
    • Bibliogr. s. 171-[179].
080 -Uniwersalna Klasyfikacja Dziesiętna [ , ]
    • a
    • Symbol klasyfikacji
    • 159.953
    • 9
    • UKD
    • 2448
    • 2
    • Identyfikator wydania tablic
    • UDC-P058
    • b
    • Dopowiedzenie
    • Pamięć. Uczenie się. Mnemotechnika. Zapominanie.
080 -Uniwersalna Klasyfikacja Dziesiętna [ , ]
    • a
    • Symbol klasyfikacji
    • :159.938.072
080 -Uniwersalna Klasyfikacja Dziesiętna [ , ]
    • a
    • Symbol klasyfikacji
    • :371.26
650 -Hasło przedmiotowe [ ,7]
    • a
    • Hasło przedmiotowe
    • Kwestionariusz Strategii Uczenia się
    • 2
    • Źródło terminu
    • DBN
650 -Hasło przedmiotowe [ ,7]
    • a
    • Hasło przedmiotowe
    • Uczenie się
    • 2
    • Źródło terminu
    • DBN
    • 9
    • KHW
    • 725304
650 -Hasło przedmiotowe [ ,7]
    • a
    • Hasło przedmiotowe
    • Dydaktyka
    • x
    • Określnik rzeczowy
    • metodologia.
    • 2
    • Źródło terminu
    • kaba
    • 9
    • KHW
    • 359063
650 -Hasło przedmiotowe [ ,7]
    • a
    • Hasło przedmiotowe
    • Psychologia uczenia się.
    • 2
    • Źródło terminu
    • kaba
    • 9
    • KHW
    • 126986
650 -Hasło przedmiotowe [ ,7]
    • a
    • Hasło przedmiotowe
    • Dydaktyka
    • x
    • Określnik rzeczowy
    • badania.
    • 2
    • Źródło terminu
    • kaba
    • 9
    • KHW
    • 416130
658 -Ujęcie treści [ , ]
    • a
    • dziedzina nauki i sztuki/ sfera aktywności życiowej
    • Edukacja i pedagogika
658 -Ujęcie treści [ , ]
    • a
    • dziedzina nauki i sztuki/ sfera aktywności życiowej
    • Psychologia
980 -Symbol UKD [ , ]
    • a
    • UKD
    • 159.953:159.938.072:371.26
710 -Hasło dodatkowe - nazwa ciała zbiorowego [2, ]
    • a
    • Nazwa ciała zbiorowego lub nazwa geograficzna jako pierwszy element (NP)
    • Uniwersytet Kardynała Stefana Wyszyńskiego (Warszawa).
    • b
    • Nazwa jednostki podrzędnej (P)
    • Wydawnictwo.
    • 4
    • Kod relacji
    • pbl
    • 9
    • KHW
    • 55040
920 -ISBN [ , ]
    • a
    • ISBN
    • 83-7201-286-5 Find
    • q
    • Dopowiedzenie
    • Wydaw. Salezjańskie
920 -ISBN [ , ]
    • a
    • ISBN
    • 83-7072-358-6 Find
    • q
    • Dopowiedzenie
    • Wydaw. UKSW
Data inwentaryzacji Lokalizacja Status udost. Numer inwentarzowy
2006-01-30BG1Pd.17648